Veinte poemas de amor y una canción desesperada
Na minha lista:
| Autor principal: | |
|---|---|
| Formato: | Livro |
| Idioma: | espanhol |
| Publicado em: |
Santiago
Pehuén
2016
|
| Edição: | 14a. ed |
| coleção: | Poesía Pehuén, 2
|
| Assuntos: | |
| Tags: |
Adicionar Tag
Sem tags, seja o primeiro a adicionar uma tag!
|
MARC
| LEADER | 00000cam a2200000 a 4500 | ||
|---|---|---|---|
| 001 | UCC1605 | ||
| 003 | CL-VaPUC | ||
| 008 | 171117e20160000cl |||||||||||||||||spa|d | ||
| 020 | |a 9789561606463 | ||
| 082 | 0 | 4 | |a Ch861 |b NER |2 21 |
| 100 | |a Neruda, Pablo |e autor |9 306531 | ||
| 245 | 1 | 0 | |a Veinte poemas de amor y una canción desesperada |
| 250 | |a 14a. ed | ||
| 300 | |a 62 p | ||
| 942 | |c BK | ||
| 945 | |d 20171117 16:06:00 |a dcastane | ||
| 260 | |a Santiago |b Pehuén |c 2016 | ||
| 650 | 0 | |a Poesías chilenas |9 265280 | |
| 650 | 0 | |a Literatura chilena |9 308278 | |
| 583 | |a last modification |c 20171117 16:06:00 |k Rodrigo Vera | ||
| 490 | 0 | |a Poesía Pehuén, 2 | |
| 999 | |c 370016 |d 370014 | ||
| 952 | |0 0 |1 0 |3 erb |4 0 |6 CH_861_000000000000000_NER_2016 |7 0 |8 A |9 486271 |a BIBGIM |b BIBGIM |i 5434947 |o Ch861 NER 2016 |p 5434947 |r 2025-01-15 |w 2019-11-24 |y BK |z Catalogado en:20171117 |k SSL | ||
| 952 | |0 0 |1 0 |3 erb |4 0 |6 CH_861_000000000000000_NER_2016 |7 0 |8 A |9 486272 |a BIBGIM |b BIBGIM |i 5434939 |l 1 |o Ch861 NER 2016 |p 5434939 |r 2025-01-15 |s 2024-09-11 |w 2019-11-24 |y BK |z Catalogado en:20171117 |k SSL | ||